| 000 | 00454nam a2200193Ia 4500 | ||
|---|---|---|---|
| 003 | GCL | ||
| 008 | 140319s9999 xx 000 0 eng d | ||
| 040 |
_aGCL / _cGCL |
||
| 082 | 0 | 4 |
_a646.7 _bJ B |
| 100 | 1 | _aSTONE, JEFF | |
| 245 | 1 | 0 |
_aBODY / _cSTONE, JEFF |
| 700 | 1 | _aJOHNSON, KIM GROSS | |
| 260 |
_a[S.N] : _bTHOMES AND HUDSON ، _c1994 |
||
| 300 | _a223 | ||
| 650 | 0 | 4 | _aCAREER DEVELOPMENT |
| 650 | 0 | 4 | _aCARE |
| 650 | 0 | 4 | _aBODY |
| 942 |
_2ddc _cBK |
||
| 999 |
_c11013 _d11013 |
||